00457pab a2200133 454500008004000000100001900040245011400059260000900173300001300182650004400195650002000239700002500259773003900284180718b2004 xxu||||| |||| 00| 0 eng d aAhmad, Ateeque aEvaluation of health facilities for social well-being in Meerut district: a strategy for micro-level planning c2004 ap.16-24. aHealth services - India - Uttar Pradesh aHealth services aShamim, Sayed Kausar aIndian Journal of Regional Science